<?xml version='1.0' encoding='UTF-8'?>
  <record xmlns="http://www.loc.gov/MARC21/slim">
    <leader>00000cam a22000001  4500</leader>
    <controlfield tag="001">ocm14839521</controlfield>
    <controlfield tag="003">OCoLC</controlfield>
    <controlfield tag="005">20250901105755.4</controlfield>
    <controlfield tag="008">820919s1863    ne            000 0 dut  </controlfield>
    <datafield tag="040" ind1=" " ind2=" ">
      <subfield code="a">NLM</subfield>
      <subfield code="b">eng</subfield>
      <subfield code="c">NLM</subfield>
      <subfield code="d">GZM</subfield>
      <subfield code="d">YUS</subfield>
      <subfield code="d">OCLCF</subfield>
      <subfield code="d">OCLCQ</subfield>
      <subfield code="d">NLM</subfield>
      <subfield code="d">OCLCO</subfield>
      <subfield code="d">OCLCL</subfield>
      <subfield code="d">OCLCQ</subfield>
    </datafield>
    <datafield tag="016" ind1="7" ind2=" ">
      <subfield code="a">66610700R</subfield>
      <subfield code="2">DNLM</subfield>
    </datafield>
    <datafield tag="029" ind1="0" ind2=" ">
      <subfield code="a">NLM</subfield>
      <subfield code="b">66610700R</subfield>
    </datafield>
    <datafield tag="029" ind1="1" ind2=" ">
      <subfield code="a">NLGGC</subfield>
      <subfield code="b">059541342</subfield>
    </datafield>
    <datafield tag="035" ind1=" " ind2=" ">
      <subfield code="a">(OCoLC)14839521</subfield>
    </datafield>
    <datafield tag="050" ind1="1" ind2="4">
      <subfield code="a">RC340</subfield>
      <subfield code="b">.S18 1863</subfield>
    </datafield>
    <datafield tag="060" ind1="0" ind2="0">
      <subfield code="a">WM</subfield>
      <subfield code="b">S381h 1863</subfield>
    </datafield>
    <datafield tag="100" ind1="1" ind2=" ">
      <subfield code="a">Schroeder van der Kolk, J. L. C.</subfield>
      <subfield code="q">(Jacobus Lodewijk Conradus),</subfield>
      <subfield code="d">1797-1862.</subfield>
      <subfield code="1">https://id.oclc.org/worldcat/entity/E39PCjvMp7Br6B84GwbHYkYwqP</subfield>
    </datafield>
    <datafield tag="245" ind1="1" ind2="0">
      <subfield code="a">Handboek van de pathologie en therapie der krankzinnigheid,</subfield>
      <subfield code="c">uitg. door F.A. Hartsen.</subfield>
    </datafield>
    <datafield tag="260" ind1=" " ind2=" ">
      <subfield code="a">Utrecht,</subfield>
      <subfield code="b">Van der Post,</subfield>
      <subfield code="c">1863.</subfield>
    </datafield>
    <datafield tag="300" ind1=" " ind2=" ">
      <subfield code="a">xii, 249 pages</subfield>
    </datafield>
    <datafield tag="336" ind1=" " ind2=" ">
      <subfield code="a">text</subfield>
      <subfield code="b">txt</subfield>
      <subfield code="2">rdacontent</subfield>
    </datafield>
    <datafield tag="337" ind1=" " ind2=" ">
      <subfield code="a">unmediated</subfield>
      <subfield code="b">n</subfield>
      <subfield code="2">rdamedia</subfield>
    </datafield>
    <datafield tag="338" ind1=" " ind2=" ">
      <subfield code="a">volume</subfield>
      <subfield code="b">nc</subfield>
      <subfield code="2">rdacarrier</subfield>
    </datafield>
    <datafield tag="650" ind1=" " ind2="0">
      <subfield code="a">Mental illness.</subfield>
    </datafield>
    <datafield tag="650" ind1=" " ind2="0">
      <subfield code="a">Psychology, Pathological.</subfield>
    </datafield>
    <datafield tag="650" ind1=" " ind2="2">
      <subfield code="a">Mental Disorders</subfield>
    </datafield>
    <datafield tag="650" ind1=" " ind2="2">
      <subfield code="a">Psychopathology</subfield>
    </datafield>
    <datafield tag="650" ind1=" " ind2="6">
      <subfield code="a">Maladies mentales.</subfield>
    </datafield>
    <datafield tag="650" ind1=" " ind2="6">
      <subfield code="a">Psychopathologie.</subfield>
    </datafield>
    <datafield tag="650" ind1=" " ind2="7">
      <subfield code="a">mental disorders.</subfield>
      <subfield code="2">aat</subfield>
    </datafield>
    <datafield tag="650" ind1=" " ind2="7">
      <subfield code="a">Mental illness.</subfield>
      <subfield code="2">fast</subfield>
      <subfield code="0">(OCoLC)fst01016547</subfield>
    </datafield>
    <datafield tag="650" ind1=" " ind2="7">
      <subfield code="a">Psychology, Pathological.</subfield>
      <subfield code="2">fast</subfield>
      <subfield code="0">(OCoLC)fst01081609</subfield>
    </datafield>
    <datafield tag="700" ind1="1" ind2=" ">
      <subfield code="a">Hartsen, Frederik Antonius.</subfield>
    </datafield>
    <datafield tag="758" ind1=" " ind2=" ">
      <subfield code="i">has work:</subfield>
      <subfield code="a">Handboek van de pathologie en therapie der krankzinnigheid (Text)</subfield>
      <subfield code="1">https://id.oclc.org/worldcat/entity/E39PCG44RpkThtW4c7Kv7GWbV3</subfield>
      <subfield code="4">https://id.oclc.org/worldcat/ontology/hasWork</subfield>
    </datafield>
    <datafield tag="776" ind1="0" ind2="8">
      <subfield code="i">Also issued on microfilm.</subfield>
      <subfield code="d">[Bethesda, Md.] : National Library of Medicine, 2000.</subfield>
      <subfield code="h">1 microfilm reel : negative ; 35 mm.</subfield>
    </datafield>
  </record>